Technical aspects of data communication /

Salvato in:
Dettagli Bibliografici
Autore principale: McNamara, John E (Autore)
Natura: Libro
Lingua:inglese
Pubblicazione: Bedford : Digital Press, 1988
Edizione:3.ed.
Soggetti:
Tags: Aggiungi Tag
Nessun Tag, puoi essere il primo ad aggiungerne!!

MARC

LEADER 00000nam a22000003a 4500
001 stu5220
005 20150617225811.6
008 940304s1988----xxu-----------------eng-d
020 |a 1-55558-007-6 
040 |a STU  |b slo 
041 0 |a eng 
044 |a xxu 
080 |a 681.324 
080 |a 681.327.8 
080 |a 621.39  |7 stu_us_auth*stu8291 
100 1 |a McNamara, John E  |4 aut 
245 1 |a Technical aspects of data communication /  |c [aut.] McNamara,John E 
250 |a 3.ed. 
260 |a Bedford :  |b Digital Press,  |c 1988 
300 |a 383 s 
650 7 |a prenos dát  |2 stusub 
650 7 |a komunikačné siete  |2 stusub 
650 7 |a ISDN  |2 stusub 
650 7 |a CCITT  |2 stusub 
650 7 |a LAN  |2 stusub 
996 |b 284IK06470  |c I*5S4830  |l I  |s A  |a 24  |w stu5220_0002